000 00577nam a2200217Ia 4500
008 220204s9999 xx 000 0 und d
082 _a631/635:633(213.5)
_bWIL;1
100 _aWILLIAMS, C N
245 0 _aAgronomy of the major tropical crops
260 _aLondon
_bOxford
_c1975
490 _aOxford in Asia college texts
650 _aAgriculture
650 _aField crops
650 _aRubber botany
650 _aRubber climate
650 _aRubber diseases
650 _aRubber planting
650 _aRubber tapping
650 _aTropical crops
942 _cBK
999 _c35304
_d35304